5HLuxD.jpg

KING HENRY VIII SENIOR AND PRIMARY SCHOOL LIBRARY OPAC

I am not sleepy and I will not go to bed : (Record no. 2459)

000 -LEADER
fixed length control field 00829cam a2200253 a 4500
001 - CONTROL NUMBER
control field (Sirsi) a786528
003 - CONTROL NUMBER IDENTIFIER
control field OSt
005 - DATE AND TIME OF LATEST TRANSACTION
control field 20230602095922.0
008 - FIXED-LENGTH DATA ELEMENTS--GENERAL INFORMATION
fixed length control field 130627r20102001enka b 000 1 eng d
020 ## - INTERNATIONAL STANDARD BOOK NUMBER
International Standard Book Number 9781846168840 (pbk.) :
040 ## - CATALOGING SOURCE
Original cataloging agency TT
Language of cataloging eng
Transcribing agency TAE
Modifying agency KH8
042 ## - AUTHENTICATION CODE
Authentication code nbic
082 0# - DEWEY DECIMAL CLASSIFICATION NUMBER
Classification number 823.914 CHI
100 1# - MAIN ENTRY--PERSONAL NAME
Personal name Child, Lauren.
Relator term author
245 10 - TITLE STATEMENT
Title I am not sleepy and I will not go to bed :
Remainder of title featuring Charlie and Lola /
Statement of responsibility, etc. Lauren Child.
260 ## - PUBLICATION, DISTRIBUTION, ETC.
Place of publication, distribution, etc. London :
Name of publisher, distributor, etc. Orchard,,
Date of publication, distribution, etc. 2010.
300 ## - PHYSICAL DESCRIPTION
Extent [32] p. :
Other physical details col. ill. ;
Dimensions 28 cm.
500 ## - GENERAL NOTE
General note First published 2001.
520 ## - SUMMARY, ETC.
Summary, etc. Charlie helps Lola get ready for bed, despite the tigers, whales, and other animals that serve as obstacles.
521 1# - TARGET AUDIENCE NOTE
Target audience note 4-8.
650 #0 - SUBJECT ADDED ENTRY--TOPICAL TERM
Topical term or geographic name entry element Bedtime
Form subdivision Juvenile fiction.
650 #0 - SUBJECT ADDED ENTRY--TOPICAL TERM
Topical term or geographic name entry element Animals
Form subdivision Juvenile fiction.
942 ## - ADDED ENTRY ELEMENTS (KOHA)
Source of classification or shelving scheme
Koha item type Books - Fiction
Holdings
Withdrawn status Lost status Source of classification or shelving scheme Damaged status Not for loan Collection code Permanent Location Current Location Shelving location Date acquired Cost, normal purchase price Total Checkouts Full call number Barcode Date last seen Date last checked out Cost, replacement price Price effective from Koha item type Public note
          Fiction KH8 Primary School Library KH8 Primary School Library Non Fiction 2023-06-02 45.56 6 823.914 CHI KHPL000004207 2025-12-05 2024-01-18 55.56 2023-06-02 Books - Fiction KH8 Primary Library

Powered By KH8 IT Dept